Представление документа в формате MARC21

Поле Инд. ПП Название Значение
Тип записи a
Библиографический уровень m
001 Контрольный номер cd724384-0c9a-470f-9657-027638d1182e
005 Дата корректировки 20140703124300.5
008 Кодируемые данные 040309
020 a ISBN 5-88119-038-6
c Цена, тираж 35.00
040 a Служба первич. каталог. НБ ТвГУ
041 a Код языка текста rus
080 a Индекс УДК 512.64
084 a Индекс другой классификации/Индекс ББК В143
090 x Авторский знак Г59
a Полочн. индекс В143
100 1_ a Автор Годунов Сергей Константинович
245 00 a Заглавие Лекции по современным аспектам линейной алгебры
c Ответственность С К. Годунов
260 0_ a Место издания Новосибирск
b Издательство Научная книга
c Дата издания 2002
300 a Объем 202 с.
b Иллюстрации/ тип воспроизводства ил.
440 a Серия Университетская серия
490 _0 v N тома Т. 12
504 a Библиография Библиогр.: с.193-200.
a Библиография Предм. указ.: с.201-202.
583 a Действие Получение впервые 98 09.03.2004
k Исполнитель действия дар РГГУ
583 a Действие Приписка 266 15.06.2004
k Исполнитель действия Дар РГГУ
583 a Действие Приписка 344 15.09.2004
k Исполнитель действия Дар РГГУ
650 a Основная рубрика Алгебра линейная
653 a Ключевые слова Алгебра
a Ключевые слова Линейная алгебра
a Ключевые слова Лекции
852 t Порядковый номер экземпляра 3
p Инвентарный номер 779494
p Инвентарный номер 788916 63.00
p Инвентарный номер 786486 52.00
863 t 00027514
863 t 00024597
863 t 00023372
888 a бесплатно
930 a Новая/Ретро лекции
952 p 98.2004 35.00 1 779494
p 266.2004 52.00 1 786486
p 344.2004 63.00 1 788916
c Вид литературы К рн
954 a Дата поступления на обработку 20040325
999 a Подразделение 2 Фил3